| 000 | 00721nam a2200193 i 4500 | ||
|---|---|---|---|
| 001 | 148907 | ||
| 003 | ES-MaACL | ||
| 005 | 20230906202851.0 | ||
| 007 | t| | ||
| 008 | 070214s1966 sp r ||||1| spa d | ||
| 080 | _a631.4(460.189) | ||
| 245 | 0 | 4 |
_aLos suelos de la provincia de Ávila / _cCentro de Edafología y Biología Aplicada de Salamanca. |
| 260 |
_aSalamanca : _bInstituto de Orientación y Asistencia Técnica del Oeste, _c1966. |
||
| 300 |
_a78 p., 4 lám. ; _c24 cm. |
||
| 650 | 4 |
_aSuelos- _zÁvila (Provincia) _9176362 |
|
| 710 | 2 |
_aCentro de Edafología y Biología Aplicada (Salamanca) _92610 |
|
| 710 | 2 |
_aInstituto de Orientación y Asistencia Técnica del Oeste. _94990 |
|
| 852 | 4 |
_aES-MaACL _jC-29568 |
|
| 999 |
_c148907 _d148907 |
||